00441 2200157 4500001002100000008004100021035002000062245007200082100002500154260002600179300002200205020002200227084001400249082000800263990001200271INLIS000000000002784 IND  a0010-0925000131 aBumi Tak Pernah Memendam Karena Tetesan HujancNyi Penengah Dewanti aNyi Penengah Dewanti aJakartabNuansac2017 a162c(13 x 19 cm) a978-602-6409-51-5 a813 PEN b a813 a0755006